Word Ladder: Best Picture, 1937 Quiz Stats

 Plays Quiz Updated Oct 6, 2016

Challenge
Share
Tweet
Embed
Score 0/38 Timer 04:00
0 Plays Today
Hint 4-Letter Word % Correct
Dinner party giverHOST
96.5%
Precious metal (Au, #79)GOLD
96.3%
Connery, Penn, or Bean, e.g.SEAN
95.8%
Earth's natural satelliteMOON
95.5%
Grasp with handsHOLD
95.5%
Coming in after all others in a raceLAST
94.9%
Long, low sound of sufferingMOAN
94.9%
Unkind, spiteful, or unfairMEAN
94.6%
★ Nominated: ____ Horizon ★LOST
94.4%
Injury caused by exposure to flameBURN
91.8%
Otter denHOLT
90.8%
★ Nominated: The ____ Earth ★GOOD
89.7%
★ Nominated: A [Rung 21] Is ____BORN
87.1%
Laurel, Musial, or Lee, e.g.STAN
87.1%
★ Nominated: A ____ Is [Rung 34] ★STAR
87%
Char outer surfaceSEAR
86.5%
Drill a hole through somethingBORE
85.5%
House subdivisionROOM
83.3%
Fermented honey and water beverageMEAD
81.8%
Hint 4-Letter Word % Correct
Terrible fate; death, destructionDOOM
81.7%
Large, wooden crossROOD
80.1%
American folk singer IvesBURL
75.9%
Tract of open uncultivated uplandMOOR
72.9%
Letter opening, perhapsDEAR
72.8%
★ Nominated: Stage ____DOOR
72.2%
★ Nominated: ____ End ★DEAD
71.5%
Blend, combineMELD
68.4%
Castrate a male animalGELD
63.9%
Emit coherent lightLASE
61.6%
★ Nominated: One Hundred Men and a ____GIRL
60.2%
Encircle with a belt GIRD
57.1%
Spin a floating log with the feetBIRL
56.1%
Give a specious or false brilliance GILD
55.7%
★★ Best Picture: The ____ of Emile [Rung 38] ★★LIFE
55%
Tree trunkBOLE
52.5%
Austrian physicist MeitnerLISE
44.7%
South American ball-and-cord weaponBOLA
41.3%
★★ Best Picture: The [Rung 1] of Emile ____ ★★ZOLA
40.2%

Today's Daily Dose

Missing Word
Podcasts A-Z

Word Ladder
Rowing

On This Day
January 22nd II

You're not logged in!

Compare scores with friends on all Sporcle quizzes.
OR
Log In

You Might Also Like...

Show Comments

Extras

Top Quizzes Today


Score Distribution

Your Account Isn't Verified!

In order to create a playlist on Sporcle, you need to verify the email address you used during registration. Go to your Sporcle Settings to finish the process.

Report this User

Report this user for behavior that violates our Community Guidelines.

Details: